Geographisches Wissen - Inseln & Halbinseln - Statistiken

Allgemein
  • Dieses Quiz wurde 47 mal gespielt
  • Das Durchschnittsergebnis liegt bei 15 aus 20
Antwortstatistiken
Frage Antwort % Korrekt
1.8 Welche Insel ist gleichzeitig ein eigener Staat und liegt im Mittelmeer? Malta | Zypern
100%
1.2 Zu welchem Land gehört die Insel Grönland? Dänemark
98%
1.1 Was ist die größte Insel der Erde? Grönland
98%
1.7 Welche Inselgruppe gehört zu Spanien und liegt im Atlantik vor Afrika? Kanarische Inseln
98%
1.9 Welche Inselgruppe gehört zu Spanien und liegt im Mittelmeer? Balearische Inseln
95%
1.3 Welche Mittelmeerinsel gehört zu Italien und ist die größte im Mittelmeer? Sizilien
95%
1.5 Welche deutsche Insel ist für ihre Kreidefelsen berühmt? Rügen
93%
1.6 Welche Insel liegt südlich von Indien im Indischen Ozean? Sri Lanka
93%
2.2 Wie heißt die große Halbinsel im Süden Europas, auf der Spanien und Portugal liegen? Iberische Halbinsel
83%
1.4 Welche Insel ist für ihre Moai-Statuen bekannt? Osterinsel
78%
2.10 Welche Halbinsel verbindet Ägypten mit Asien? Sinai-Halbinsel
71%
2.5 Wie heißt die Halbinsel, auf der Norwegen und Schweden liegen? Skandinavische Halbinsel
71%
1.10 Welche Insel ist die größte der Kanarischen Inseln? Teneriffa
71%
2.4 Welche Halbinsel trennt das Rote Meer vom Persischen Golf? Arabische Halbinsel
66%
2.8 Welche Halbinsel gehört zu Russland und ragt weit in das Schwarze Meer hinein? Krim
66%
2.1 Welche Halbinsel liegt zwischen Nord- und Ostsee? Jütland
59%
2.9 Welche asiatische Halbinsel wird von Nord- und Südkorea eingenommen? Koreanische Halbinsel
46%
2.7 Welche Halbinsel liegt im Süden von Mexiko und trennt den Golf von Mexiko vom Karibischen Meer? Yucatán-Halbinsel
44%
2.6 Welche Halbinsel gehört größtenteils zu Griechenland und liegt im Mittelmeer? Peloponnes
24%
2.3 Welche Halbinsel wird oft als „Stiefel Europas“ bezeichnet? Apenninhalbinsel
5%
Keine übereinstimmenden Quizze gefunden
Verteilung der Resultate
Anzahl Personen mit jedem Resultat
Perzentil nach korrekt beantworteten Fragen
Ihre Resultats-Entwicklung
Sie haben dieses Quiz noch nicht gespielt